Central Library || Chittagong University

Basic organic chemistry : (Record no. 112001)

MARC details
000 -LEADER
fixed length control field 00498nam a22001697a 4500
003 - CONTROL NUMBER IDENTIFIER
control field BD-ChCU
005 - DATE AND TIME OF LATEST TRANSACTION
control field 20260401125344.0
008 - FIXED-LENGTH DATA ELEMENTS--GENERAL INFORMATION
fixed length control field 260401b bg ||||| |||| 00| 0 ben d
040 ## - CATALOGING SOURCE
Transcribing agency BD-ChCU
082 ## - DEWEY DECIMAL CLASSIFICATION NUMBER
Classification number 547 TEB
100 ## - MAIN ENTRY--PERSONAL NAME
Personal name Tedder, J. M. and Nechvatal, A.
9 (RLIN) 21052
245 ## - TITLE STATEMENT
Title Basic organic chemistry :
Remainder of title a mechanistic approach.//
Statement of responsibility, etc. Tedder, J. M. and Nechvatal, A.
260 ## - PUBLICATION, DISTRIBUTION, ETC.
Place of publication, distribution, etc. London.
Name of publisher, distributor, etc. Wiley.
Date of publication, distribution, etc. 1966
300 ## - PHYSICAL DESCRIPTION
Extent part - 2
650 #0 - SUBJECT ADDED ENTRY--TOPICAL TERM
Topical term or geographic name entry element Chemistry - Organic.
9 (RLIN) 21053
942 ## - ADDED ENTRY ELEMENTS (KOHA)
Source of classification or shelving scheme Dewey Decimal Classification
Koha item type Books
Suppress in OPAC No
Holdings
Withdrawn status Lost status Source of classification or shelving scheme Damaged status Not for loan Home library Current library Shelving location Date acquired Source of acquisition Total Checkouts Full call number Barcode Date last seen Copy number Price effective from Koha item type
    Dewey Decimal Classification     Chittagong University Library Chittagong University Library Science Reading Room 04/01/2026 Purchase   547 TEB 37360 04/01/2026 C-1 04/01/2026 Books
© Copyright 2025. Chittagong University Library, Installation and Maintenance by Prof. Dr. Md. Alamgir, 01711306253